| 000 | 00630nam a2200193Ia 4500 | ||
|---|---|---|---|
| 003 | IN-BaIIA | ||
| 008 | 211028s9999 xx 000 0 eng d | ||
| 040 | _cIIA Library | ||
| 080 |
_a533 _bNOR |
||
| 100 |
_aNorthrop, Theodore G. _95028 |
||
| 245 | 4 |
_aThe adiabatic motion of charged particles _cTheodore G. Northrop |
|
| 260 |
_aNew York _bWiley _c1963 |
||
| 300 | _axiv, 109p. | ||
| 490 | _aInterscience tracts on physics and astronomy; no. 21 | ||
| 650 | _aAstronomy and astrophysics thesaurus | ||
| 650 |
_aMagnetohydrodynamics _91666 |
||
| 650 |
_aPlasma physics _93732 |
||
| 942 | _cBK | ||
| 999 |
_c2812 _d2812 |
||